| 000 | 00513nam a2200193Ia 4500 | ||
|---|---|---|---|
| 008 | 210417s9999 xx 000 0 und d | ||
| 020 | _a9789350534724 | ||
| 020 | _b935053472X | ||
| 082 | _a658.155 DHA | ||
| 082 | _b22.658.155 DHA | ||
| 245 | 0 | _aVarious sector in risk management | |
| 245 | 0 | _cVarious sector in risk management | |
| 250 | _b"v, 240 p.,hbk." | ||
| 260 | _aNew Delhi | ||
| 260 | _bCyper tech Publications | ||
| 260 | _c2016 | ||
| 700 | _a"Dhadus, Neeta K." | ||
| 700 | _bNeeta K. Dhadus | ||
| 999 |
_c490246 _d490246 |
||